000 00636nam a2200229Ia 4500
003 OSt
005 20221007070806.0
006 a|||||r|||| 00| 0
007 ta
008 221006b |||||||| |||| 00| 0 eng d
024 _a12,418
037 _cTextual
040 _aFLL
_cFLL
_beng
041 _2eng
_aeng
082 _aV2,8:2.N8, M4
100 _aSubbarao G.C.V. Au.
_9687717
245 0 _aPublic services in Indian constitutional law
260 _aHyderabad
_bLaw academy India
_c1984
300 _axxxii,366p
_ccm.
942 _hV2,8:2.N8, M4
_cTEXL
_2CC
999 _c1141554
_d1141554